000 01191nam a2200313 i 4500
001 bg
245 0 0 _aIzolacja drgań w maszynach i pojazdach /
_cJacek Grajnert (red.) ; [aut. Wojciech Ambroszko et al.] ; Politechnika Wrocławska. Wydział Mechaniczny. Instytut Konstrukcji i Eksploatacji Maszyn.
260 _aWrocław :
_bOficyna Wydawnicza PW,
_c1997.
300 _a206, [1] s., [11] k. tabl. :
_bfot., rys., wykr. ;
_c24 cm.
490 1 _aNavigator,
_x1425-0993 ;
_v8
504 _aBibliogr. przy rozdz.
521 _aDla wyższej kadry technicznej, studentów wydz. mechanicznych politechnik.
650 9 _aAmortyzatory
_xstosowanie
650 9 _aDrgania
_xmechanika
650 9 _aElastomery
_xstosowanie
_xtechnika
650 9 _aMaszyny
_xteoria
650 9 _aModele matematyczne
_xstosowanie
_xtechnika
650 9 _aPneumatyka
_xurządzenia
_xstosowanie
650 9 _aSprężyny
_xstosowanie
655 _aPodręczniki
700 1 _aGRAJNERT, Jacek.
_eRed.
700 1 _aAMBROSZKO, Wojciech.
830 _aNavigator,
_x1425-0993 ;
040 _cBPK
041 0 _apl
080 _a62-1/-8:534:621.51/.54](07)
942 _cKS
008 s pl f |000 0 pol
999 _c31877
_d31877
856 _uhttp://koha.tu.koszalin.pl/cgi-bin/koha/opac-detail.pl?biblionumber=31877
_yKatalog online BPK